Comic Book Teams: First 10 Members Quiz Stats

 Plays Quiz Updated Sep 8, 2015

Support Sporcle.
Go Orange.
Score 0/100 Timer 10:00
7 Plays Today
Team Member % Correct
The AvengersIron Man
95.4%
The AvengersHulk
93.2%
The AvengersCaptain America
92.2%
Justice LeagueBatman
92.2%
Justice LeagueSuperman
92.1%
Justice SocietySuperman (Earth-2)
92.1%
The AvengersThor
89.1%
Justice LeagueWonder Woman
86.9%
Teen TitansHawk
85.2%
Fantastic FourThing
82.3%
Justice LeagueFlash (Barry Allen)
80.4%
Justice SocietyFlash (Jay Garrick)
80.4%
Teen TitansRobin/Nightwing
80.3%
Fantastic FourMister Fantastic
80.2%
X-MenProfessor X
79.8%
X-MenCyclops
79.8%
Fantastic FourHuman Torch
79%
X-MenBeast
78.4%
Fantastic FourInvisible Woman
78.1%
The AvengersHawkeye
78.1%
Justice LeagueGreen Lantern (Hal Jordan)
76.9%
Justice SocietyGreen Lantern (Alan Scott)
76.8%
Guardians of the Galaxy (2008 team)Groot
74.1%
X-MenJean Grey
73.5%
The AvengersAnt-Man (Henry Pym)
73.2%
Guardians of the Galaxy (2008 team)Star-Lord
72.2%
Justice LeagueAquaman
72.2%
Guardians of the Galaxy (2008 team)Rocket Raccoon
70.3%
The AvengersWasp
64.9%
Guardians of the Galaxy (2008 team)Gamora
63.4%
X-MenIceman
61.6%
Guardians of the Galaxy (2008 team)Drax the Destroyer
61%
Justice LeagueMartian Manhunter
58.9%
Justice LeagueGreen Arrow
55%
Team Member % Correct
The AvengersScarlet Witch
54.9%
X-MenAngel
54.7%
Suicide Squad (1987 team)Deadshot
54.5%
The AvengersQuicksilver
52.6%
Justice LeagueHawkman (Katar Hol)
49.6%
Justice SocietyHawkman (Carter Hall)
49.6%
Teen TitansKid Flash
40.4%
Teen TitansAqualad
38%
Teen TitansWonder Girl
37.2%
Fantastic FourShe-Hulk
36.6%
Teen TitansSpeedy
34.4%
X-MenHavok
33.4%
The Legion of Super-HeroesSuperboy
33.3%
Justice LeagueAtom (Ray Palmer)
31.3%
Justice SocietyAtom (Al Pratt)
31.3%
Suicide Squad (1987 team)Captain Boomerang
31.3%
Teen TitansDove
29.9%
Guardians of the Galaxy (2008 team)Mantis
29.7%
Alpha FlightSasquatch
28.6%
Alpha FlightGuardian (James MacDonald Hudson)
27.8%
Alpha FlightVindicator (Heather Hudson)
27.8%
Alpha FlightPuck
27.2%
X-MenPolaris
25.2%
Justice SocietyDr. Fate
25.1%
Alpha FlightNorthstar
24.9%
Teen TitansGuardian (Malcolm Duncan)
23.8%
Fantastic FourShe-Thing
22.5%
X-MenMimic
22.4%
The Legion of Super-HeroesSaturn Girl
21.6%
Suicide Squad (1987 team)Col. Rick Flag Jr.
21.4%
Fantastic FourNova (Frankie Raye)
21.4%
Alpha FlightAurora
21.4%
Justice SocietyHourman
21%
Suicide Squad (1987 team)Amanda Waller
20.8%
Team Member % Correct
Guardians of the Galaxy (2008 team)Adam Warlock
20.1%
The AvengersSwordsman
19.7%
Justice SocietySandman
19.6%
X-MenChangeling
19.5%
The Legion of Super-HeroesLightning Lad
19.1%
Fantastic FourCrystal
18.3%
Fantastic FourLuke Cage
18.2%
Alpha FlightShaman
17.9%
Suicide Squad (1987 team)Enchantress
17.6%
Fantastic FourMedusa
17%
Justice SocietyThe Spectre
17%
Alpha FlightSnowbird
16.9%
The Legion of Super-HeroesCosmic Boy
16.8%
Guardians of the Galaxy (2008 team)Quasar (Martyr)
13.4%
Suicide Squad (1987 team)Bronze Tiger
13.3%
The Legion of Super-HeroesTriplicate Girl
10%
The Legion of Super-HeroesChameleon Boy
9.8%
Justice SocietyJohnny Thunderbolt (Johnny Thunder & Thunderbolt)
9.5%
Teen TitansLilith
9.5%
Alpha FlightMarrina
9.3%
Guardians of the Galaxy (2008 team)Bug
9.1%
The Legion of Super-HeroesPhantom Girl
8.9%
Teen TitansAquagirl
8.7%
Alpha FlightTalisman
8.2%
The Legion of Super-HeroesColossal Boy
7.9%
Guardians of the Galaxy (2008 team)Major Victory
7.7%
Suicide Squad (1987 team)Plastique
7.1%
Suicide Squad (1987 team)Blockbuster
6.6%
Suicide Squad (1987 team)Nightshade
6.4%
The Legion of Super-HeroesInvisible Kid
6.2%
Suicide Squad (1987 team)Nemesis
4.9%
The Legion of Super-HeroesKid Quantum
4.2%

From the Vault

Pakistan's Borders

by TwinsVikingsWild

Geography 60s
Pakistan is the 6th most populous country in the world, but it borders countries that have even more people.
Remove Ads.
Support Sporcle.
Get the best of Sporcle when you Go Orange. This ad-free experience offers more features, more stats, and more fun while also helping to support Sporcle. Thank you for becoming a member.

Show Comments

Extras

Top Quizzes Today


Score Distribution

Your Account Isn't Verified!

In order to create a playlist on Sporcle, you need to verify the email address you used during registration. Go to your Sporcle Settings to finish the process.

Report this User

Report this user for behavior that violates our Community Guidelines.

Details: